<L'> emploi et la compétitivité <l'> Europe face au dilemme

Na minha lista:
Detalhes bibliográficos
Formato: Livro
Idioma:francês
Publicado em: Bruxelles The Philip Morris Institute 1994
Assuntos:
Tags: Adicionar Tag
Sem tags, seja o primeiro a adicionar uma tag!

MARC

LEADER 00000nam a2200000 4500
001 c119927
005 20221123112315.5
041 0 |a fre 
044 |a BE 
245 1 0 |a <L'> emploi et la compétitivité  |b <l'> Europe face au dilemme 
264 1 |a Bruxelles  |b The Philip Morris Institute  |c 1994 
300 |a 83 s. 
610 2 0 |a zamestnanosť 
610 2 0 |a konkurencieschopnosť 
610 2 0 |a Európa